Countries with highest elevation - Statistics

General Stats
  • This quiz has been taken 30 times
  • The average score is 6 of 10
Answer Stats
Average elevation (feet) Country % Correct
10712 Nepal
100%
10761 Bhutan
87%
6037 China
87%
6138 Chile
77%
6184 Afghanistan
73%
9805 Kyrgyzstan
57%
10453 Tajikistan
57%
6549 Andorra
37%
5879 Armenia
37%
7090 Lesotho
30%
No matching quizzes found
Score Distribution
Percent of People with Each Score
Percentile by Number Answered
Your Score History
You have not taken this quiz